[Event "Copa Latinoamericana de Ajedrez 2011"]
[Site "Montevideo URU"]
[Date "2011.11.02"]
[Round "2.56"]
[White "Bidigaray, Marcio"]
[Black "Piñeiro, Dario"]
[Result "0-1"]
[WhiteElo "1707"]
[BlackElo "2198"]
[PlyCount "54"]
[EventDate "2011.11.01"]
[EventType "swiss"]
[EventRounds "9"]
[EventCountry "URU"]
[Source "lmi"]
[SourceDate "2011.11.01"]

1. e4 c5 2. Nf3 e6 3. d4 cxd4 4. Nxd4 a6 5. Nc3 b5 6. g3 Bb7 7. Bg2 Nf6 8. Bg5
Be7 9. Bxf6 Bxf6 10. O-O d6 11. Rb1 O-O 12. Nce2 Nd7 13. Nc3 b4 14. Nce2 Nc5
15. f3 d5 16. Nb3 Nxb3 17. cxb3 Qb6+ 18. Kh1 dxe4 19. fxe4 Qe3 20. Rxf6 gxf6
21. Qf1 Bxe4 22. Bxe4 Qxe4+ 23. Qg2 Qxb1+ 24. Ng1 Rad8 25. Qf3 Rd1 26. Kg2
Rxg1+ 27. Kh3 Qf1+ 0-1

[Event "Copa Latinoamericana de Ajedrez 2011"]
[Site "Montevideo URU"]
[Date "2011.11.02"]
[Round "2.57"]
[White "D'Andrea, Leonardo"]
[Black "Perez, Maximiliano"]
[Result "0-1"]
[WhiteElo "2125"]
[BlackElo "2193"]
[PlyCount "64"]
[EventDate "2011.11.01"]
[EventType "swiss"]
[EventRounds "9"]
[EventCountry "URU"]
[Source "lmi"]
[SourceDate "2011.11.01"]

1. e4 c5 2. Nf3 d6 3. d4 cxd4 4. Nxd4 Nf6 5. Nc3 a6 6. Bg5 e6 7. f4 Be7 8. Qf3
Qc7 9. O-O-O Nbd7 10. g4 b5 11. Bxf6 Nxf6 12. g5 Nd7 13. f5 Nc5 14. f6 gxf6 15.
gxf6 Bf8 16. Rg1 h5 17. Rg7 b4 18. Nd5 exd5 19. exd5 Nd7 20. Ne6 Qa5 21. Rxf7
Kxf7 22. Ng5+ Ke8 23. Re1+ Ne5 24. Rxe5+ dxe5 25. f7+ Ke7 26. d6+ Kxd6 27. Qxa8
Bh6 28. Qb8+ Qc7 29. Qxb4+ Qc5 30. Qb8+ Ke7 31. b4 Bxg5+ 32. Kb1 Qxc2+ 0-1

[Event "Copa Latinoamericana de Ajedrez 2011"]
[Site "Montevideo URU"]
[Date "2011.11.02"]
[Round "2.58"]
[White "Leiva, Giuseppe"]
[Black "Dabraccio, Guillermo"]
[Result "1-0"]
[WhiteElo "2183"]
[BlackElo "1729"]
[PlyCount "85"]
[EventDate "2011.11.01"]
[EventType "swiss"]
[EventRounds "9"]
[EventCountry "URU"]
[Source "lmi"]
[SourceDate "2011.11.01"]

1. d4 d5 2. Nf3 Nf6 3. c4 c6 4. Qc2 e6 5. g3 Nbd7 6. Bg2 Bd6 7. O-O O-O 8. Nbd2
e5 9. cxd5 Nxd5 10. Nc4 Qc7 11. dxe5 Bc5 12. Ng5 g6 13. e6 N7f6 14. exf7+ Kg7
15. e4 Nb4 16. Qc3 h6 17. a3 Na6 18. e5 Nd5 19. Bxd5 cxd5 20. e6+ d4 21. Qd2
hxg5 22. Qxg5 Rh8 23. Bf4 Rh5 24. Qg4 Qxf7 25. Qxh5 Qxf4 26. Qxc5 Nxc5 27. gxf4
Nxe6 28. Rfe1 Nxf4 29. Re8 Nd5 30. Nd6 Nb6 31. Nxc8 Rxc8 32. Rxc8 Nxc8 33. Rd1
Kf7 34. Rxd4 Ke7 35. Rg4 Kf6 36. Rd4 Ke6 37. Rb4 b6 38. Rg4 Ne7 39. Kg2 Kf5 40.
Ra4 Nc8 41. Rc4 Nd6 42. Rc7 a6 43. Rc6 1-0

[Event "Copa Latinoamericana de Ajedrez 2011"]
[Site "Montevideo URU"]
[Date "2011.11.02"]
[Round "2.59"]
[White "Crespo, Antonio Rogerio"]
[Black "Caitano, Pablo"]
[Result "1-0"]
[WhiteElo "2153"]
[BlackElo "1991"]
[PlyCount "63"]
[EventDate "2011.11.01"]
[EventType "swiss"]
[EventRounds "9"]
[EventCountry "URU"]
[Source "lmi"]
[SourceDate "2011.11.01"]

1. e4 c5 2. Nf3 d6 3. d4 cxd4 4. Nxd4 Nf6 5. Nc3 a6 6. Bg5 e6 7. f4 Be7 8. Qf3
Nbd7 9. O-O-O Qc7 10. g4 b5 11. a3 Rb8 12. Bxf6 Nxf6 13. g5 Nd7 14. f5 Bxg5+
15. Kb1 Ne5 16. Qh5 Qe7 17. Rg1 Bf6 18. fxe6 Bxe6 19. Nxe6 Qxe6 20. Nd5 Qd7 21.
Bh3 Qd8 22. Rdf1 Kf8 23. Rxf6 gxf6 24. Qh6+ Ke8 25. Qxh7 Rf8 26. Rg8 Ng6 27.
Rxg6 fxg6 28. Nc7+ Qxc7 29. Qxc7 Rd8 30. Qg7 d5 31. Qxg6+ Ke7 32. e5 1-0

[Event "Copa Latinoamericana de Ajedrez 2011"]
[Site "Montevideo URU"]
[Date "2011.11.02"]
[Round "2.60"]
[White "Valenzuela Gomez, Fernando"]
[Black "Introini, Luis Fredy"]
[Result "1-0"]
[WhiteElo "2151"]
[BlackElo "1929"]
[PlyCount "126"]
[EventDate "2011.11.01"]
[EventType "swiss"]
[EventRounds "9"]
[EventCountry "URU"]
[Source "lmi"]
[SourceDate "2011.11.01"]

1. d4 d5 2. c4 dxc4 3. e3 Nf6 4. Bxc4 e6 5. Nf3 a6 6. O-O c5 7. a4 Nc6 8. Qe2
cxd4 9. Rd1 Qa5 10. exd4 Be7 11. Nc3 O-O 12. d5 exd5 13. Nxd5 Nxd5 14. Bxd5 Bf6
15. Bg5 Bxg5 16. Nxg5 Bf5 17. h4 Rad8 18. Qf3 Bg6 19. Bxc6 bxc6 20. Qxc6 h6 21.
Nf3 Qb4 22. Rxd8 Rxd8 23. Qc3 Rb8 24. h5 Bxh5 25. Qxb4 Rxb4 26. Ra2 f6 27. Nd2
Bf7 28. b3 a5 29. Rb2 Bd5 30. f3 Kf7 31. Kf2 f5 32. Ke3 Kf6 33. Kd3 g5 34. Kc3
g4 35. Rb1 Kg5 36. Re1 Kf4 37. Re7 gxf3 38. gxf3 Bxf3 39. Nxf3 Kxf3 40. Re5 f4
41. Rxa5 Rb6 42. Rf5 Ke4 43. Rf8 f3 44. b4 Rc6+ 45. Kb3 Rc1 46. a5 Ke3 47. b5
f2 48. a6 f1=Q 49. Rxf1 Rxf1 50. a7 Ra1 51. b6 Rb1+ 52. Kc3 Rxb6 53. a8=Q Re6
54. Qc8 Re5 55. Qh3+ Ke4 56. Qg4+ Kd5 57. Qd7+ Ke4 58. Qh7+ Kd5 59. Qxh6 Re4
60. Qb6 Rc4+ 61. Kd3 Rc6 62. Qb5+ Rc5 63. Qd7+ Ke5 1-0

[Event "Copa Latinoamericana de Ajedrez 2011"]
[Site "Montevideo URU"]
[Date "2011.11.02"]
[Round "2.61"]
[White "Cukerman, Diego"]
[Black "Romaniello, Enrique"]
[Result "1-0"]
[WhiteElo "2133"]
[BlackElo "1880"]
[PlyCount "61"]
[EventDate "2011.11.01"]
[EventType "swiss"]
[EventRounds "9"]
[EventCountry "URU"]
[Source "lmi"]
[SourceDate "2011.11.01"]

1. e4 e6 2. d3 d5 3. Nd2 c5 4. Ngf3 Nc6 5. g3 g6 6. Bg2 Bg7 7. h4 h5 8. O-O
Nge7 9. Re1 O-O 10. c3 e5 11. exd5 Nxd5 12. Qb3 Nb6 13. Ne4 Be6 14. c4 Nd4 15.
Nxd4 cxd4 16. Nc5 Qe7 17. Nxe6 fxe6 18. Bd2 Qf7 19. Re2 Nd7 20. Bb4 Rfe8 21.
Bd6 Bf8 22. Bxe5 Nxe5 23. Rxe5 Bg7 24. Re2 Re7 25. Rae1 Rae8 26. c5 Kh7 27. Qa4
Qf5 28. Be4 Qxc5 29. Bxb7 Qb6 30. Bc6 Rc8 31. Bd7 1-0

[Event "Copa Latinoamericana de Ajedrez 2011"]
[Site "Montevideo URU"]
[Date "2011.11.02"]
[Round "2.63"]
[White "Krysa, Leandro"]
[Black "Bertucci, Santiago"]
[Result "1-0"]
[WhiteElo "2396"]
[BlackElo "1817"]
[PlyCount "65"]
[EventDate "2011.11.01"]
[EventType "swiss"]
[EventRounds "9"]
[EventCountry "URU"]
[Source "lmi"]
[SourceDate "2011.11.01"]

1. d4 Nf6 2. c4 e6 3. Nc3 Bb4 4. Qc2 d5 5. a3 Be7 6. cxd5 exd5 7. Bg5 O-O 8. e3
c6 9. Bd3 h6 10. Bf4 Bd6 11. Nge2 Bxf4 12. Nxf4 Re8 13. O-O Nbd7 14. b4 Nf8 15.
b5 cxb5 16. Bxb5 Re7 17. Qb3 Be6 18. Be2 a6 19. Bf3 Rd7 20. Na4 Rd6 21. Rfc1 g5
22. Nd3 g4 23. Be2 Ne4 24. Qxb7 Rd7 25. Qb4 Rb8 26. Qe1 Rdb7 27. Ndc5 Nxc5 28.
Nxc5 Rb2 29. Nxa6 R8b6 30. Nc5 Qe8 31. a4 f5 32. Bb5 Qg6 33. Qc3 1-0

[Event "Copa Latinoamericana de Ajedrez 2011"]
[Site "Montevideo URU"]
[Date "2011.11.02"]
[Round "2.64"]
[White "Milan, Julio"]
[Black "Leskovar, Matias"]
[Result "0-1"]
[WhiteElo "1682"]
[BlackElo "2280"]
[PlyCount "44"]
[EventDate "2011.11.01"]
[EventType "swiss"]
[EventRounds "9"]
[EventCountry "URU"]
[Source "lmi"]
[SourceDate "2011.11.01"]

1. e4 e5 2. Nf3 Nc6 3. Bc4 Bc5 4. Nc3 Nf6 5. O-O d6 6. d3 Bg4 7. Nd5 Nxd5 8.
Bxd5 Nd4 9. Bxf7+ Kxf7 10. Ng5+ Qxg5 11. Bxg5 Bxd1 12. Raxd1 Nxc2 13. Rc1 Nb4
14. d4 exd4 15. e5 Nd3 16. Rc2 Nxe5 17. Kh1 Rhe8 18. b4 Bb6 19. a4 a5 20. b5
Kg6 21. f4 Ng4 22. g3 Ne3 0-1

[Event "Copa Latinoamericana de Ajedrez 2011"]
[Site "Montevideo URU"]
[Date "2011.11.02"]
[Round "2.65"]
[White "Tacoronte, Daniel"]
[Black "Saralegui, Mario"]
[Result "1-0"]
[WhiteElo "2187"]
[BlackElo "2169"]
[PlyCount "63"]
[EventDate "2011.11.01"]
[EventType "swiss"]
[EventRounds "9"]
[EventCountry "URU"]
[Source "lmi"]
[SourceDate "2011.11.01"]

1. d4 d5 2. c4 c6 3. Nc3 Nf6 4. Nf3 a6 5. e3 b5 6. b3 Bg4 7. Be2 e6 8. O-O Be7
9. Bb2 O-O 10. Qc2 Bf5 11. Bd3 Bxd3 12. Qxd3 Nbd7 13. Rfe1 b4 14. Nb1 Ne4 15.
Nbd2 f5 16. Ne5 Bd6 17. f3 Bxe5 18. dxe5 Nxd2 19. Qxd2 a5 20. Rac1 Rc8 21. cxd5
cxd5 22. Rxc8 Qxc8 23. Rc1 Qb8 24. Rc6 Re8 25. f4 Qb5 26. Qc2 Nb6 27. Bd4 Nd7
28. Rc7 h6 29. Ra7 Rf8 30. h3 Rf7 31. Qc8+ Kh7 32. Qe8 1-0

[Event "Copa Latinoamericana de Ajedrez 2011"]
[Site "Montevideo URU"]
[Date "2011.11.02"]
[Round "2.66"]
[White "Ulaneo, Ruben"]
[Black "Solari, Pablo"]
[Result "1-0"]
[WhiteElo "2155"]
[BlackElo "1663"]
[PlyCount "45"]
[EventDate "2011.11.01"]
[EventType "swiss"]
[EventRounds "9"]
[EventCountry "URU"]
[Source "lmi"]
[SourceDate "2011.11.01"]

1. c4 b6 2. Nf3 Nf6 3. e4 e5 4. Nc3 Bb4 5. Nd5 Nc6 6. Nxb4 Nxb4 7. d3 Nc6 8. b4
d6 9. b5 Na5 10. h3 h6 11. Be3 Be6 12. Be2 O-O 13. g4 Nh7 14. Qd2 f6 15. Nh4 g5
16. Nf5 Bxf5 17. gxf5 Kf7 18. h4 Rh8 19. hxg5 hxg5 20. O-O-O Qg8 21. d4 Rd8 22.
dxe5 dxe5 23. Qxd8 1-0

[Event "Copa Latinoamericana de Ajedrez 2011"]
[Site "Montevideo URU"]
[Date "2011.11.02"]
[Round "2.67"]
[White "De La Torre, Andres"]
[Black "Ulaneo, Nicolas"]
[Result "0-1"]
[WhiteElo "2046"]
[BlackElo "2106"]
[PlyCount "60"]
[EventDate "2011.11.01"]
[EventType "swiss"]
[EventRounds "9"]
[EventCountry "URU"]
[Source "lmi"]
[SourceDate "2011.11.01"]

1. Nf3 Nf6 2. g3 d5 3. Bg2 c5 4. O-O Nc6 5. d3 g6 6. Nbd2 Bg7 7. c3 O-O 8. e4
e6 9. e5 Nd7 10. d4 b5 11. Nb3 a5 12. Be3 a4 13. Nc1 Qa5 14. Qc2 Bb7 15. Ne2
Rfc8 16. Qd1 a3 17. b3 b4 18. Bd2 Qb6 19. Bh3 Ba6 20. Ng5 Re8 21. Re1 cxd4 22.
cxd4 Bxe2 23. Rxe2 Nxd4 24. Re1 Nxe5 25. Be3 Nec6 26. Rc1 Qb7 27. Bg2 Nb5 28.
Nf3 Nc3 29. Qc2 Rad8 30. Bf1 e5 0-1

[Event "Copa Latinoamericana de Ajedrez 2011"]
[Site "Montevideo URU"]
[Date "2011.11.02"]
[Round "2.68"]
[White "Idiarte Borda, Jorge"]
[Black "Lopez, Aldi"]
[Result "0-1"]
[WhiteElo "2097"]
[BlackElo "2076"]
[PlyCount "90"]
[EventDate "2011.11.01"]
[EventType "swiss"]
[EventRounds "9"]
[EventCountry "URU"]
[Source "lmi"]
[SourceDate "2011.11.01"]

1. Nf3 d5 2. g3 Nf6 3. d4 e6 4. Bg2 c5 5. e3 Nc6 6. O-O Be7 7. b3 O-O 8. Bb2 b5
9. Nbd2 Qb6 10. dxc5 Qxc5 11. Rc1 Rb8 12. Ne5 Nb4 13. Nd3 Nxd3 14. cxd3 Qb6 15.
Qc2 b4 16. Qc7 Bd6 17. Qxb6 Rxb6 18. e4 Ra6 19. Ra1 Be7 20. Rfc1 Rd8 21. e5 Nd7
22. Rc7 Bc5 23. d4 Bb6 24. Rc2 f6 25. Nf3 fxe5 26. dxe5 Rf8 27. Ne1 Nc5 28. Bd4
Nxb3 29. Bxb6 Nxa1 30. Rc1 Rxa2 31. Be3 Ba6 32. Bh3 Bc4 33. Bxe6+ Kh8 34. Bc5
Re8 35. Bf7 Rxe5 36. Bxb4 Nb3 37. Rd1 Rf5 38. Be6 Rfxf2 39. Bh3 Rfe2 40. Bf1
Re8 41. Bc3 Bxf1 42. Kxf1 d4 43. Bb4 a5 44. Bd6 Nd2+ 45. Kg1 Rxe1+ 0-1

[Event "Copa Latinoamericana de Ajedrez 2011"]
[Site "Montevideo URU"]
[Date "2011.11.02"]
[Round "2.69"]
[White "Carbone, Diego"]
[Black "Britos, Alejandro"]
[Result "1-0"]
[WhiteElo "2030"]
[BlackElo "2052"]
[PlyCount "55"]
[EventDate "2011.11.01"]
[EventType "swiss"]
[EventRounds "9"]
[EventCountry "URU"]
[Source "lmi"]
[SourceDate "2011.11.01"]

1. Nf3 c6 2. c4 d5 3. d4 Nf6 4. Nc3 Bf5 5. Qb3 Qb6 6. Qxb6 axb6 7. cxd5 cxd5 8.
Bg5 Nbd7 9. e3 e6 10. Bb5 Bb4 11. Ne5 Ra5 12. a4 Ne4 13. Bxd7+ Kf8 14. Bd8 Nxc3
15. bxc3 Bxc3+ 16. Ke2 Bxa1 17. Bxb6 Ra8 18. Rxa1 f6 19. Bc5+ Kg8 20. g4 fxe5
21. gxf5 Kf7 22. fxe6+ Kf6 23. dxe5+ Kxe5 24. Rd1 Rhd8 25. f4+ Kf6 26. Rxd5
Rxa4 27. Bxa4 Rxd5 28. e7 1-0

[Event "Copa Latinoamericana de Ajedrez 2011"]
[Site "Montevideo URU"]
[Date "2011.11.02"]
[Round "2.70"]
[White "Soto, Nicolas"]
[Black "Iurk, Jonel Nazareno"]
[Result "0-1"]
[WhiteElo "2022"]
[BlackElo "2023"]
[PlyCount "120"]
[EventDate "2011.11.01"]
[EventType "swiss"]
[EventRounds "9"]
[EventCountry "URU"]
[Source "lmi"]
[SourceDate "2011.11.01"]

1. e4 c5 2. Nf3 d6 3. d4 cxd4 4. Nxd4 a6 5. c4 g6 6. Nc3 Bg7 7. Be3 Nc6 8. Be2
Bd7 9. O-O Nf6 10. Rc1 O-O 11. f3 Rb8 12. Qd2 b5 13. cxb5 Nxd4 14. Bxd4 Bxb5
15. Bxb5 axb5 16. Nd5 Nxd5 17. Bxg7 Kxg7 18. Qxd5 Qb6+ 19. Kh1 Rfc8 20. Qd2 Rc5
21. b4 Rcc8 22. h3 Ra8 23. Qb2+ f6 24. Rxc8 Rxc8 25. Re1 Rc4 26. Re2 Qc6 27.
Kh2 h5 28. Rd2 Rc3 29. h4 Qc4 30. Kg3 Rc1 31. Qd4 Qf1 32. Rb2 Qe1+ 33. Qf2 Qc3
34. Qd2 Qc4 35. Qf2 Qc7 36. f4 Qc4 37. Qd2 Rc3+ 38. Kh2 Rd3 39. Qe2 Qd4 40. Rb3
Rxb3 41. axb3 Qxb4 42. Qe3 Qc5 43. Qd3 b4 44. g3 e5 45. fxe5 fxe5 46. Qa6 Qc2+
47. Kh3 Qxe4 48. Qa7+ Kh6 49. Kh2 Qc2+ 50. Kg1 Qxb3 51. Qf2 Kg7 52. Qa7+ Kf6
53. Qf2+ Ke6 54. Kh2 Qd3 55. Qf8 b3 56. Qc8+ Kd5 57. Qg8+ Kd4 58. Qb8 Kc3 59.
Qc7+ Kb2 60. Qf7 Kc1 0-1

[Event "Copa Latinoamericana de Ajedrez 2011"]
[Site "Montevideo URU"]
[Date "2011.11.02"]
[Round "2.71"]
[White "Hiriart, Guillermo"]
[Black "Muzzi, Eduardo"]
[Result "1/2-1/2"]
[WhiteElo "2019"]
[BlackElo "2019"]
[PlyCount "68"]
[EventDate "2011.11.01"]
[EventType "swiss"]
[EventRounds "9"]
[EventCountry "URU"]
[Source "lmi"]
[SourceDate "2011.11.01"]

1. e4 c5 2. Bc4 e6 3. Qe2 Nc6 4. c3 Be7 5. Bb3 d5 6. e5 d4 7. d3 b6 8. f4 g6 9.
Nf3 Bb7 10. Nbd2 Nh6 11. Ne4 Nf5 12. O-O O-O 13. g4 Ng7 14. g5 Na5 15. Bd1 Bxe4
16. Qxe4 dxc3 17. bxc3 Qd5 18. Qxd5 exd5 19. Ba3 Nf5 20. Ba4 Rfd8 21. Rfe1 a6
22. Bc2 Nc6 23. d4 cxd4 24. Bxe7 Ncxe7 25. Nxd4 Nxd4 26. cxd4 Rac8 27. Bd3 b5
28. Kf2 Nc6 29. Ke3 Nb4 30. Rec1 Rxc1 31. Rxc1 Nxa2 32. Rc5 Nb4 33. Bb1 Rb8 34.
Kd2 a5 1/2-1/2

[Event "Copa Latinoamericana de Ajedrez 2011"]
[Site "Montevideo URU"]
[Date "2011.11.02"]
[Round "2.72"]
[White "Sanduay, Nicolas"]
[Black "Rodriguez Farias, Eduardo"]
[Result "1-0"]
[WhiteElo "2016"]
[BlackElo "2015"]
[PlyCount "53"]
[EventDate "2011.11.01"]
[EventType "swiss"]
[EventRounds "9"]
[EventCountry "URU"]
[Source "lmi"]
[SourceDate "2011.11.01"]

1. e4 e5 2. Nc3 Bc5 3. Bc4 Nf6 4. d3 d6 5. f4 Ng4 6. f5 h5 7. Nh3 Nc6 8. Bg5 f6
9. Bd2 Nd4 10. Ng1 Nxf5 11. exf5 Bxf5 12. Qf3 Bf2+ 13. Kf1 Bd7 14. h3 Bxg1 15.
Kxg1 c6 16. hxg4 Bxg4 17. Qf2 d5 18. Bb3 Qd6 19. Re1 b6 20. d4 O-O-O 21. Nd1
exd4 22. Qxd4 c5 23. Qf4 Qc6 24. c3 g5 25. Qf2 Rhe8 26. Rxe8 Qxe8 27. Qxf6 1-0

[Event "Copa Latinoamericana de Ajedrez 2011"]
[Site "Montevideo URU"]
[Date "2011.11.02"]
[Round "2.73"]
[White "Campiglia, Guido"]
[Black "Vaz, Leonardo"]
[Result "0-1"]
[WhiteElo "2011"]
[BlackElo "2014"]
[PlyCount "78"]
[EventDate "2011.11.01"]
[EventType "swiss"]
[EventRounds "9"]
[EventCountry "URU"]
[Source "lmi"]
[SourceDate "2011.11.01"]

1. e4 e6 2. Nf3 d5 3. e5 c5 4. b4 c4 5. a3 Ne7 6. d4 Nf5 7. g3 Be7 8. Bg2 Nc6
9. O-O Qb6 10. c3 h5 11. h4 a5 12. Bb2 Bd7 13. Nbd2 Rc8 14. Re1 axb4 15. axb4
Nxb4 16. cxb4 c3 17. Bxc3 Rxc3 18. Ra8+ Bd8 19. Qa1 Qc7 20. Rb1 Bb5 21. Qa5 Bd3
22. Qxc7 Rxc7 23. Rba1 O-O 24. Bf1 Be4 25. b5 Rc3 26. R8a3 Rxa3 27. Rxa3 Bb6
28. Ra4 Rc8 29. Nxe4 dxe4 30. Ng5 Nxd4 31. Nxe4 Nf3+ 32. Kg2 Nxe5 33. Nd6 Rc2
34. Ra8+ Kh7 35. Ne4 f5 36. Ng5+ Kg6 37. Nh3 Ng4 38. Bd3 Rd2 39. Bc4 Ne3+ 0-1

[Event "Copa Latinoamericana de Ajedrez 2011"]
[Site "Montevideo URU"]
[Date "2011.11.02"]
[Round "2.74"]
[White "Lanzilotta, Marcelo"]
[Black "Chavez Riofrio, Elias Enrique"]
[Result "0-1"]
[WhiteElo "2011"]
[BlackElo "2009"]
[PlyCount "122"]
[EventDate "2011.11.01"]
[EventType "swiss"]
[EventRounds "9"]
[EventCountry "URU"]
[Source "lmi"]
[SourceDate "2011.11.01"]

1. e4 e6 2. d3 d5 3. Nd2 c5 4. Ngf3 Nc6 5. g3 g6 6. Bg2 Bg7 7. O-O Nge7 8. Re1
O-O 9. c3 b5 10. Qe2 a5 11. Nf1 b4 12. e5 Ba6 13. Bg5 Qb6 14. Ne3 d4 15. cxd4
cxd4 16. Ng4 Nf5 17. Nf6+ Bxf6 18. Bxf6 h6 19. g4 Ng7 20. Nd2 Ra7 21. Qf3 Nb8
22. Ne4 Nd7 23. Qh3 h5 24. Bxg7 Kxg7 25. Nf6 Nxf6 26. exf6+ Kxf6 27. gxh5 gxh5
28. Qh4+ Kg6 29. Bf3 Rh8 30. Kh1 f6 31. Rg1+ Kf7 32. Bxh5+ Ke7 33. Rg7+ Kd6 34.
Qf4+ Kc5 35. Rc1+ Kb5 36. Rxa7 Qxa7 37. Bf3 Bb7 38. Qxf6 Bxf3+ 39. Qxf3 Qd7 40.
Rc4 Qd5 41. Qxd5+ exd5 42. Rxd4 Kc5 43. Rg4 Re8 44. h4 Re2 45. Kg2 Rxb2 46. h5
Re2 47. h6 Re8 48. h7 Rh8 49. Rg7 a4 50. Kf3 Kd4 51. Rg4+ Kc3 52. Rh4 b3 53.
axb3 axb3 54. Kg4 b2 55. Rh1 Rxh7 56. Rxh7 b1=Q 57. Rh3 Qb6 58. f4 Qg6+ 59. Kh4
Kd4 60. Rf3 Qf5 61. Kg3 Kc3 0-1

[Event "Copa Latinoamericana de Ajedrez 2011"]
[Site "Montevideo URU"]
[Date "2011.11.02"]
[Round "2.75"]
[White "Cordero, Renzo"]
[Black "Colman, Matias"]
[Result "0-1"]
[WhiteElo "1978"]
[BlackElo "2007"]
[PlyCount "88"]
[EventDate "2011.11.01"]
[EventType "swiss"]
[EventRounds "9"]
[EventCountry "URU"]
[Source "lmi"]
[SourceDate "2011.11.01"]

1. Nf3 d5 2. d4 Nf6 3. b3 e6 4. Bb2 Nbd7 5. e3 Be7 6. Bd3 O-O 7. O-O c5 8. Nbd2
b6 9. Ne5 Qc7 10. f4 Bb7 11. Ndf3 Ne4 12. Nxd7 Qxd7 13. Ne5 Qe8 14. Rf3 f5 15.
Rh3 Bf6 16. Qh5 Qxh5 17. Rxh5 Bxe5 18. dxe5 Rad8 19. Rd1 c4 20. Bxe4 dxe4 21.
Rd6 Bd5 22. h3 Rc8 23. Rd7 Rf7 24. Rxf7 Kxf7 25. Rxh7 cxb3 26. cxb3 Rc2 27. Ba3
Rxa2 28. Bd6 Kg8 29. Rh5 Bxb3 30. g4 fxg4 31. hxg4 Bd1 32. Rg5 Bf3 33. Rg6 Kf7
34. f5 Rg2+ 35. Kf1 exf5 36. gxf5 Rxg6 37. fxg6+ Kxg6 38. e6 Kf6 39. e7 Bh5 40.
Kf2 Be8 41. Kg3 Ke6 42. Ba3 a5 43. Kf4 Kd5 44. Bb2 g6 0-1

[Event "Copa Latinoamericana de Ajedrez 2011"]
[Site "Montevideo URU"]
[Date "2011.11.02"]
[Round "2.76"]
[White "Lallana, Daniel"]
[Black "Fernandez, Antonio"]
[Result "1-0"]
[WhiteElo "2003"]
[BlackElo "1973"]
[PlyCount "36"]
[EventDate "2011.11.01"]
[EventType "swiss"]
[EventRounds "9"]
[EventCountry "URU"]
[Source "lmi"]
[SourceDate "2011.11.01"]

1. c4 e5 2. Nc3 Nf6 3. e3 d5 4. d4 exd4 5. exd4 c6 6. cxd5 cxd5 7. Be3 Bd6 8.
Bd3 O-O 9. Rc1 Nc6 10. Nge2 Re8 11. h3 a6 12. Bb1 Ne7 13. O-O Bf5 14. Bxf5 Nxf5
15. Qd3 Nxe3 16. fxe3 Rc8 17. Rf3 Bb8 18. Rcf1 Bd6 1-0

[Event "Copa Latinoamericana de Ajedrez 2011"]
[Site "Montevideo URU"]
[Date "2011.11.02"]
[Round "2.77"]
[White "Barandiaran, Gabriel"]
[Black "Cucchi, Nicolas"]
[Result "1-0"]
[WhiteElo "1945"]
[BlackElo "2002"]
[PlyCount "90"]
[EventDate "2011.11.01"]
[EventType "swiss"]
[EventRounds "9"]
[EventCountry "URU"]
[Source "lmi"]
[SourceDate "2011.11.01"]

1. e4 c5 2. Nf3 d6 3. d4 cxd4 4. Nxd4 Nf6 5. Nc3 a6 6. Be2 e5 7. Nb3 Be7 8. Be3
Be6 9. O-O O-O 10. Qe1 Nbd7 11. Rd1 Rc8 12. f4 b5 13. Bd3 Qc7 14. f5 Bc4 15.
Kh1 b4 16. Ne2 d5 17. Bg5 Rfe8 18. Ng3 dxe4 19. Nxe4 Nxe4 20. Bxe7 Rxe7 21.
Qxe4 Nf6 22. Qxc4 Qxc4 23. Bxc4 Rxc4 24. Rf2 h6 25. Rd8+ Kh7 26. Ra8 Rd7 27. g3
Rdc7 28. c3 bxc3 29. bxc3 Rxc3 30. Rxa6 Ng4 31. Re2 Ne3 32. Kg1 f6 33. Nd2 Nxf5
34. Ne4 Rc1+ 35. Kf2 Nd4 36. Rd2 R1c2 37. g4 h5 38. gxh5 Rxd2+ 39. Nxd2 Rc2 40.
Ke1 Rc1+ 41. Kf2 f5 42. a4 Rc2 43. Ke1 f4 44. Kd1 Ra2 45. Ne4 f3 1-0

[Event "Copa Latinoamericana de Ajedrez 2011"]
[Site "Montevideo URU"]
[Date "2011.11.02"]
[Round "2.78"]
[White "Martinez Alcantara, Jose Eduardo"]
[Black "Urrestarazu, Diego"]
[Result "1-0"]
[WhiteElo "1995"]
[BlackElo "1955"]
[PlyCount "45"]
[EventDate "2011.11.01"]
[EventType "swiss"]
[EventRounds "9"]
[EventCountry "URU"]
[Source "lmi"]
[SourceDate "2011.11.01"]

1. e4 c5 2. Nf3 Nc6 3. d4 cxd4 4. Nxd4 Nf6 5. Nc3 e5 6. Ndb5 d6 7. Bg5 a6 8.
Na3 b5 9. Nd5 Be6 10. c3 h6 11. Bxf6 gxf6 12. Nc2 f5 13. exf5 Bxf5 14. Nce3 Be6
15. a4 Rb8 16. axb5 axb5 17. Qf3 Bg7 18. Ra6 Qc8 19. Rxc6 Qd8 20. Nc7+ Kd7 21.
Nxe6 fxe6 22. Ra6 Ke8 23. Ra7 1-0

[Event "Copa Latinoamericana de Ajedrez 2011"]
[Site "Montevideo URU"]
[Date "2011.11.02"]
[Round "2.79"]
[White "Haddad Filho, Paulo Ibrahim"]
[Black "Guelvenzu, Esteban"]
[Result "1-0"]
[WhiteElo "1972"]
[BlackElo "1861"]
[PlyCount "87"]
[EventDate "2011.11.01"]
[EventType "swiss"]
[EventRounds "9"]
[EventCountry "URU"]
[Source "lmi"]
[SourceDate "2011.11.01"]

1. d4 Nf6 2. Nf3 d6 3. c4 g6 4. Nc3 Bg7 5. e4 Bg4 6. Be2 Nbd7 7. Be3 O-O 8. Qd2
Re8 9. h3 Bxf3 10. Bxf3 e5 11. d5 a6 12. g4 Kh8 13. h4 h5 14. gxh5 Nxh5 15.
Bxh5 gxh5 16. Qe2 Nf6 17. Bg5 Kg8 18. Bxf6 Qxf6 19. Qxh5 Kf8 20. Ne2 Ke7 21.
Ng3 Rh8 22. Qf5 Rag8 23. Ke2 Bh6 24. Rag1 Bf4 25. Qxf6+ Kxf6 26. Nh5+ Ke7 27.
Nxf4 exf4 28. Rxg8 Rxg8 29. Kf3 Kf6 30. Kxf4 Rg2 31. Kf3 Rg6 32. h5 Rh6 33. Kf4
Rh8 34. b4 Re8 35. h6 Kg6 36. h7 Rh8 37. e5 dxe5+ 38. Kxe5 Re8+ 39. Kd4 Rh8 40.
c5 Kf6 41. d6 Ke6 42. dxc7 Kd7 43. Ke5 Kxc7 44. Kf6 1-0

[Event "Copa Latinoamericana de Ajedrez 2011"]
[Site "Montevideo URU"]
[Date "2011.11.02"]
[Round "2.80"]
[White "Pos, Marcos"]
[Black "Heinecke, Lucas"]
[Result "0-1"]
[WhiteElo "1931"]
[BlackElo "1968"]
[PlyCount "72"]
[EventDate "2011.11.01"]
[EventType "swiss"]
[EventRounds "9"]
[EventCountry "URU"]
[Source "lmi"]
[SourceDate "2011.11.01"]

1. e4 c5 2. Nf3 d6 3. d4 cxd4 4. Nxd4 Nf6 5. Nc3 g6 6. Bc4 Bg7 7. Bb3 O-O 8.
O-O Nc6 9. Nxc6 bxc6 10. h3 Nd7 11. Be3 a5 12. a4 Ba6 13. Re1 Ne5 14. Bd4 Rb8
15. f4 c5 16. Bxe5 dxe5 17. Qxd8 Rfxd8 18. Nd5 Kf8 19. Nc7 Bb7 20. Rf1 c4 21.
Bxc4 Rbc8 22. fxe5 Rxc7 23. Rxf7+ Kg8 24. Rxe7+ Rxc4 25. Rxb7 Rxe4 26. Rf1 Bxe5
27. Rff7 Re2 28. Rfd7 Rxd7 29. Rxd7 Rxc2 30. Rd5 Rc5 31. Rxc5 Bd4+ 32. Kf1 Bxc5
33. Ke2 Kf7 34. Kd3 Ke6 35. Ke4 h5 36. b3 g5 0-1